000 00306nam a22001337a 4500
008 170606b xxu||||| |||| 00| 0 eng d
020 _a9780199452828
041 _aeng
080 _a328
100 _a18
101 _aSHP
245 _aPATTERNS OF POTENTIAL HUMAN PROGRESS
_cHUGHES,B.B
942 _2udc
_cBK
999 _c16170
_d16170